Κατάλογος Βιβλιοθηκών Mediterranean College

Τι θα Έκανε η Google; (Record no. 6411)

MARC details
000 -LEADER
fixed length control field 01354cam a22002054a 4500
005 - ΗΜΕΡΟΜΗΝΙΑ ΚΑΙ ΩΡΑ ΤΕΛΕΥΤΑΙΑΣ ΕΝΗΜΕΡΩΣΗΣ
Πεδίο ελέγχου 20250605164242.0
008 - FIXED-LENGTH DATA ELEMENTS--GENERAL INFORMATION
Πεδίο ελέγχου σταθερού μήκους 250528s ||||||||||||||||||||||||d
035 ## - SYSTEM CONTROL NUMBER
System control number 21346
020 ## - ISBN
ISBN 9789605014339
040 ## - ΠΗΓΗ ΚΑΤΑΛΟΓΟΓΡΑΦΗΣΗΣ
Φορέας πρωτότυπης καταλογογράφησης MC Athens Campus Library
Γλώσσα καταλογογράφησης Ελληνικά, Μοντέρνα (1453-)
Modifying agency MC Athens Campus Library
Κανόνες περιγραφικής καταλογογράφησης AACR2
245 1# - ΤΙΤΛΟΣ ΚΑΙ ΔΗΛΩΣΗ ΥΠΕΥΘΥΝΟΤΗΤΑΣ
Τίτλος Τι θα Έκανε η Google;
250 ## - EDITION STATEMENT
Edition statement
260 ## - PUBLICATION, DISTRIBUTION, ETC.
Name of publisher, distributor, etc. Μεταίχμιο,
Date of publication, distribution, etc. 2011
300 ## - PHYSICAL DESCRIPTION
Extent 440
520 ## - SUMMARY, ETC.
Summary, etc. Ένα εξαιρετικό βιβλίο που συλλαμβάνει τις τεράστιες αλλαγές που φέρνει το διαδίκτυο. Προλογικό Σημείωμα, TΘEHG;, Η Google στο Τιμόνι, Νέα Σχέση, Νέα Αρχιτεκτονική, Νέα Δημοσιότητα, Νέα Οικονομία, Νέα Επιχειρηματική Πραγματικότητα, Νέα Συμπεριφορά, Νέα Ηθική, Νέα Ταχύτητα, Νέες Προστακτικές, Εάν η Google Κυβερνούσε τον Κόσμο, Μέσα, Διαφήμιση, Λιανεμπόριο, Επιχειρήσεις Κοινής Ωφέλειας, Βιομηχανική Παραγωγή, Υπηρεσίες, Χρήμα, Κράτος Πρόνοιας, Δημόσιοι Οργανισμοί, Εξαιρέσεις, Η Γενιά G.
700 1# - ΠΡΟΣΘΕΤΗ ΑΝΑΓΡΑΦΗ--ΦΥΣΙΚΟ ΠΡΟΣΩΠΟ
Personal name Jarvis Jeff
9 (RLIN) 7406
942 ## - ADDED ENTRY ELEMENTS (KOHA)
Koha item type Books
Holdings
Τύπος τεκμηρίου Βιβλιοθήκη Τρέχουσα τοποθεσία Barcode Αριθμός εισαγωγής Ημερομηνία απόκτησης Ταξιθετικό σύμβολο Αριθμός αντιτύπου Κατάσταση απόσυρσης Κατάσταση χαμένου Κατάσταση κατεστραμμένου Μη δανεισμός Σύνολο δανεισμών Ημερομηνία τελευταίας εμφάνισης Η τιμή ισχύει από
Books MC Athens Campus Library MC Athens Campus Library 9780000064103 5517 05/06/2025 658.4012 JAR 1           05/06/2025 05/06/2025

MC Athens Campus Library
Πατησίων 94 & Κοδριγκτώνος 13, 104 34
Πελλήνης 8 & Πατησίων 107, 112 51
Τ: +30 210 8899600

MC Thessaloniki Campus Library
Ίωνος Δραγούμη 21, 54625 | Ίωνος Δραγούμη 15, 54625
Τ: +30 2310 287779 – Τ: +30 2314 440300